<?xml version="1.0" encoding="UTF-8"?>
<marc:record xmlns:marc="http://www.loc.gov/MARC21/slim">
   <marc:leader>00000nam a2200000 a 4500</marc:leader>
   <marc:datafield ind1="1" ind2=" " tag="100">
      <marc:subfield code="a">Auer, Margit</marc:subfield>
   </marc:datafield>
   <marc:datafield ind1="1" ind2=" " tag="100">
      <marc:subfield code="a">Rejchtman, Grzegorz</marc:subfield>
   </marc:datafield>
   <marc:datafield ind1=" " ind2=" " tag="653">
      <marc:subfield code="a">Spielen, Lernen</marc:subfield>
   </marc:datafield>
   <marc:datafield ind1=" " ind2=" " tag="653">
      <marc:subfield code="a">Brettspiel</marc:subfield>
   </marc:datafield>
   <marc:datafield ind1=" " ind2=" " tag="653">
      <marc:subfield code="a">Legespiel</marc:subfield>
   </marc:datafield>
   <marc:datafield ind1=" " ind2=" " tag="653">
      <marc:subfield code="a">ab 8 Jahren</marc:subfield>
   </marc:datafield>
   <marc:datafield ind1="0" ind2="0" tag="245">
      <marc:subfield code="a">Ubongo</marc:subfield>
   </marc:datafield>
   <marc:datafield ind1="0" ind2="0" tag="245">
      <marc:subfield code="b">Die Schule der magischen Tiere</marc:subfield>
   </marc:datafield>
   <marc:datafield ind1="0" ind2="0" tag="245">
      <marc:subfield code="c">Rejchtman, Grzegorz</marc:subfield>
   </marc:datafield>
   <marc:datafield ind1=" " ind2="1" tag="264">
      <marc:subfield code="a">Stuttgart</marc:subfield>
      <marc:subfield code="b">Kosmos Verlag GmbH&amp;co.KG</marc:subfield>
      <marc:subfield code="c">2024</marc:subfield>
   </marc:datafield>
   <marc:datafield ind1="1" ind2=" " tag="520">
      <marc:subfield code="a">Actionreicher Legespaß mit Ubongo in der Filmwelt von "Die Schule der magischen Tiere". &#xD;
Stimmungsvolles Spielmaterial mit Bildern aus den Kinoerfolgen! &#xD;
Mit zusätzlicher kooperativer Spielvariante. &#xD;
Losspielen ohne Regellesen mit der kostenlosen KOSMOS Erklär-App. &#xD;
Schult Schnelligkeit und Konzentration. &#xD;
Für 1 bis 4 Spielerinnen und Spieler. &#xD;
Für Familien und Kinder ab 8 Jahren. &#xD;
&#xD;
Abenteuer mit Henrietta, Rabbat, Kaspar und Juri! Der rasante Legespiel-Klassiker Ubongo mit den Charakteren der beliebten Figuren aus den Kinofilmen. Im Spiel für ein bis vier Spielerinnen und Spieler erhält jede Person jeweils eine Legetafel und 12 Legeteile. Dann heißt es würfeln und schnell die eigene Tafel mit den angezeigten Teilen belegen. In der kooperativen Variante müsst ihr zudem von allen Tieren möglichst gleich viele sammeln! Dabei ist Teamgeist gefragt: Alle helfen einander, um die Aufgaben zu schaffen. Das rasante Familienspiel mit den Freunden aus „Die Schule der magischen Tiere“. Kein Regellesen –mit der kostenlosen Erklär-App gleich losspielen!</marc:subfield>
   </marc:datafield>
   <marc:datafield ind1="3" ind2=" " tag="024">
      <marc:subfield code="a">4002051684501</marc:subfield>
   </marc:datafield>
   <marc:datafield ind1=" " ind2=" " tag="041">
      <marc:subfield code="a">ger</marc:subfield>
   </marc:datafield>
   <marc:datafield ind1=" " ind2=" " tag="500">
      <marc:subfield code="a">4 x 12 Legeteile</marc:subfield>
   </marc:datafield>
   <marc:datafield ind1="1" ind2=" " tag="521">
      <marc:subfield code="a">ab 8 Jahren</marc:subfield>
   </marc:datafield>
   <marc:datafield ind1=" " ind2=" " tag="338">
      <marc:subfield code="a">Gegenstand</marc:subfield>
   </marc:datafield>
   <marc:datafield ind1=" " ind2=" " tag="300">
      <marc:subfield code="a">2 Spielanleitungen, 1 Rundenleiste, 1 Sanduhr, 1 Würfel, 4 Wertungstafeln, 18 Edelsteine, 36 Legetafeln, 48 Legeteile</marc:subfield>
   </marc:datafield>
</marc:record>
